000 00647nam a22002297a 4500
003 UA-OsUOA
001 84853
007 ta
008 20120611b un ||||| |||| 00| 0 ukr d
100 _aГай В.
090 _a821.161.2
_bГ14
942 _cBK
040 _aUA-OsUOA
_bukr
_cUA-OsUOA
_dUA-OsUOA
245 _aМандрівка в безвість
_bфантастична повість
300 _a67 с.
955 _a3
041 _aukr
080 _a821.161.2
260 _bУніверсальна бібліотека
_c1947
650 7 _a82 Література. Літературознавство
_2UDC
999 _c371200
_d371200